<?xml version="1.0" encoding="UTF-8"?>
<collection xmlns="http://www.loc.gov/MARC21/slim">
 <record>
  <leader>02658cam a2200553 c 4500</leader>
  <controlfield tag="001">1617865494</controlfield>
  <controlfield tag="003">DE-627</controlfield>
  <controlfield tag="005">20250320232011.0</controlfield>
  <controlfield tag="007">tu</controlfield>
  <controlfield tag="008">971015s1997    xx ||||| c    00| ||ger c</controlfield>
  <datafield tag="015" ind1=" " ind2=" ">
   <subfield code="a">97,B40,0534</subfield>
   <subfield code="2">dnb</subfield>
  </datafield>
  <datafield tag="016" ind1="7" ind2=" ">
   <subfield code="a">951332392</subfield>
   <subfield code="2">DE-101</subfield>
  </datafield>
  <datafield tag="020" ind1=" " ind2=" ">
   <subfield code="a">3930808064</subfield>
   <subfield code="9">3-930808-06-4</subfield>
  </datafield>
  <datafield tag="035" ind1=" " ind2=" ">
   <subfield code="a">(DE-627)1617865494</subfield>
  </datafield>
  <datafield tag="035" ind1=" " ind2=" ">
   <subfield code="a">(DE-576)06189043X</subfield>
  </datafield>
  <datafield tag="035" ind1=" " ind2=" ">
   <subfield code="a">(DE-599)DNB951332392</subfield>
  </datafield>
  <datafield tag="035" ind1=" " ind2=" ">
   <subfield code="a">(OCoLC)45963303</subfield>
  </datafield>
  <datafield tag="035" ind1=" " ind2=" ">
   <subfield code="a">(OCoLC)722911664</subfield>
  </datafield>
  <datafield tag="040" ind1=" " ind2=" ">
   <subfield code="a">DE-627</subfield>
   <subfield code="b">ger</subfield>
   <subfield code="c">DE-627</subfield>
   <subfield code="e">rakwb</subfield>
  </datafield>
  <datafield tag="041" ind1=" " ind2=" ">
   <subfield code="a">ger</subfield>
  </datafield>
  <datafield tag="082" ind1="0" ind2=" ">
   <subfield code="a">943/.551</subfield>
  </datafield>
  <datafield tag="084" ind1=" " ind2=" ">
   <subfield code="a">9,10</subfield>
   <subfield code="2">ssgn</subfield>
  </datafield>
  <datafield tag="245" ind1="0" ind2="4">
   <subfield code="a">Ein Schloß entsteht ...</subfield>
   <subfield code="b">von Jülich im Rheinland bis Horst in Westfalen; Handbuch zur Ausstellung im Stadtgeschichtlichen Museum Jülich 24.10.1996 - 2.3.1997</subfield>
   <subfield code="c">hrsg. von Elmar Alshut ...</subfield>
  </datafield>
  <datafield tag="263" ind1=" " ind2=" ">
   <subfield code="a">kart.</subfield>
  </datafield>
  <datafield tag="264" ind1=" " ind2="1">
   <subfield code="a">Jülich</subfield>
   <subfield code="b">Jülicher Geschichtsverein</subfield>
   <subfield code="c">1997</subfield>
  </datafield>
  <datafield tag="300" ind1=" " ind2=" ">
   <subfield code="a">413 S.</subfield>
   <subfield code="b">Ill., graph. Darst.</subfield>
  </datafield>
  <datafield tag="336" ind1=" " ind2=" ">
   <subfield code="a">Text</subfield>
   <subfield code="b">txt</subfield>
   <subfield code="2">rdacontent</subfield>
  </datafield>
  <datafield tag="336" ind1=" " ind2=" ">
   <subfield code="a">unbewegtes Bild</subfield>
   <subfield code="b">sti</subfield>
   <subfield code="2">rdacontent</subfield>
  </datafield>
  <datafield tag="337" ind1=" " ind2=" ">
   <subfield code="a">ohne Hilfsmittel zu benutzen</subfield>
   <subfield code="b">n</subfield>
   <subfield code="2">rdamedia</subfield>
  </datafield>
  <datafield tag="338" ind1=" " ind2=" ">
   <subfield code="a">Band</subfield>
   <subfield code="b">nc</subfield>
   <subfield code="2">rdacarrier</subfield>
  </datafield>
  <datafield tag="490" ind1="1" ind2=" ">
   <subfield code="a">Führer des Stadtgeschichtlichen Museums Jülich</subfield>
   <subfield code="v">9</subfield>
  </datafield>
  <datafield tag="490" ind1="1" ind2=" ">
   <subfield code="a">Jülicher Forschungen</subfield>
   <subfield code="v">5</subfield>
  </datafield>
  <datafield tag="583" ind1="1" ind2=" ">
   <subfield code="a">Archivierung prüfen</subfield>
   <subfield code="c">20200919</subfield>
   <subfield code="f">DE-640</subfield>
   <subfield code="z">1</subfield>
   <subfield code="2">pdager</subfield>
  </datafield>
  <datafield tag="583" ind1="1" ind2=" ">
   <subfield code="a">Archivierung/Langzeitarchivierung gewährleistet</subfield>
   <subfield code="f">SSG</subfield>
   <subfield code="x">XA-DE-BW</subfield>
   <subfield code="2">pdager</subfield>
   <subfield code="5">DE-16</subfield>
  </datafield>
  <datafield tag="655" ind1=" " ind2="7">
   <subfield code="a">Ausstellungskatalog</subfield>
   <subfield code="y">1996</subfield>
   <subfield code="z">Jülich</subfield>
   <subfield code="0">(DE-588)4135467-9</subfield>
   <subfield code="0">(DE-627)10566491X</subfield>
   <subfield code="0">(DE-576)209660988</subfield>
   <subfield code="2">gnd-content</subfield>
  </datafield>
  <datafield tag="689" ind1="0" ind2="0">
   <subfield code="d">g</subfield>
   <subfield code="0">(DE-588)4269814-5</subfield>
   <subfield code="0">(DE-627)104202297</subfield>
   <subfield code="0">(DE-576)210668377</subfield>
   <subfield code="a">Schloss Horst</subfield>
   <subfield code="g">Gelsenkirchen</subfield>
   <subfield code="2">gnd</subfield>
  </datafield>
  <datafield tag="689" ind1="0" ind2="1">
   <subfield code="a">z</subfield>
   <subfield code="2">gnd</subfield>
   <subfield code="a">Geschichte</subfield>
  </datafield>
  <datafield tag="689" ind1="0" ind2=" ">
   <subfield code="5">(DE-627)</subfield>
  </datafield>
  <datafield tag="700" ind1="1" ind2=" ">
   <subfield code="8">1\p</subfield>
   <subfield code="a">Alshut, Elmar</subfield>
   <subfield code="e">Hrsg.</subfield>
   <subfield code="0">(DE-588)173133681</subfield>
   <subfield code="0">(DE-627)698056108</subfield>
   <subfield code="0">(DE-576)133985032</subfield>
   <subfield code="4">edt</subfield>
  </datafield>
  <datafield tag="787" ind1="0" ind2="8">
   <subfield code="i">Rezensiert in</subfield>
   <subfield code="a">Fischer, Ludger, 1957 - </subfield>
   <subfield code="t">[Rezension von: Ein Schloß entsteht..., von Jülich im Rheinland bis Horst in Westfalen, Handbuch zur Ausstellung im Stadtgeschichtlichen Museum Jülich]</subfield>
   <subfield code="d">Braubach : Europäisches Burgeninstitut, 1997</subfield>
   <subfield code="w">(DE-627)1810721997</subfield>
  </datafield>
  <datafield tag="830" ind1=" " ind2="0">
   <subfield code="a">Führer des Stadtgeschichtlichen Museums Jülich</subfield>
   <subfield code="v">9</subfield>
   <subfield code="9">9</subfield>
   <subfield code="w">(DE-627)52444305X</subfield>
   <subfield code="w">(DE-576)038563975</subfield>
   <subfield code="w">(DE-600)2270882-0</subfield>
   <subfield code="7">am</subfield>
  </datafield>
  <datafield tag="830" ind1=" " ind2="0">
   <subfield code="a">Jülicher Forschungen</subfield>
   <subfield code="v">5</subfield>
   <subfield code="9">5</subfield>
   <subfield code="w">(DE-627)226470342</subfield>
   <subfield code="w">(DE-576)042009545</subfield>
   <subfield code="w">(DE-600)1376994-7</subfield>
   <subfield code="x">0947-1332</subfield>
   <subfield code="7">am</subfield>
  </datafield>
  <datafield tag="856" ind1="4" ind2="2">
   <subfield code="u">https://swbplus.bsz-bw.de/bsz06189043Xinh.htm</subfield>
   <subfield code="m">B:DE-576;DE-16</subfield>
   <subfield code="q">application/pdf</subfield>
   <subfield code="v">20101005200213</subfield>
   <subfield code="x">Verlag</subfield>
   <subfield code="3">Inhaltsverzeichnis</subfield>
  </datafield>
  <datafield tag="883" ind1=" " ind2=" ">
   <subfield code="8">1</subfield>
   <subfield code="a">cgwrk</subfield>
   <subfield code="d">20250301</subfield>
   <subfield code="q">DE-101</subfield>
   <subfield code="u">https://d-nb.info/provenance/plan#cgwrk</subfield>
  </datafield>
  <datafield tag="951" ind1=" " ind2=" ">
   <subfield code="a">BO</subfield>
  </datafield>
  <datafield tag="990" ind1=" " ind2=" ">
   <subfield code="a">Schloss Horst</subfield>
  </datafield>
  <datafield tag="990" ind1=" " ind2=" ">
   <subfield code="a">Geschichte</subfield>
  </datafield>
  <datafield tag="991" ind1=" " ind2=" ">
   <subfield code="a">Rezensiertes Werk</subfield>
  </datafield>
  <datafield tag="999" ind1=" " ind2=" ">
   <subfield code="a">KXP-PPN1617865494</subfield>
   <subfield code="e">4186293155</subfield>
  </datafield>
 </record>
</collection>
